Largest Dax Companies by market cap - Statistics

General Stats
  • This quiz has been taken 95 times
  • The average score is 19 of 40
Answer Stats
Hint Answer % Correct
9. Automobile BMW
89%
6. Automobile Mercedes-Benz
88%
10. Automobile Volkswagen
88%
24. Chemicals & Pharmaceuticals Bayer
84%
7. Automobile Porsche
83%
4. Telecommunication Deutsche Telekom
81%
32. Holding company Porsche SE
81%
5. Insurance Allianz
80%
2. Technology Siemens
78%
31. Energy Siemens Energy
78%
11. Healthcare Siemens Healthinners
78%
1. IT SAP
75%
3. Aerospace Airbus
73%
22. Finance Deutsche Bank
69%
26. Defense Rheinmettal
58%
16. Clothing Adidas
56%
14. Chemicals BASF
53%
18. Energy E.ON
53%
30. Finance Commerzbank
50%
20. Automobile Daimler Truck
50%
12. Insurance Munich Re
44%
25. Energy RWE
36%
27. Real estate Vonovia
36%
13. Transport DHL Group
31%
15. Semi-conductors Infineon
31%
34. Automobile Continental
30%
28. Construction HeidelbergCement
30%
40. Clothing Zalando
30%
23. Insurance Hannover Ruck
28%
21. Consummer goods Henkel
28%
8. Technology Merck KGaA
25%
19. Consummer goods Beiersdorf
23%
17. Finance Deutsche Borse
23%
35. Aerospace MTU Aero Engines
22%
36. Health care Fresenius Medical care
20%
37. Chemicals Brenntag
13%
39. Biotechnology Qiagen
13%
38. Chemicals Covestro
9%
29. Pharmaceuticals Sartorius
9%
33. Chemicals Symrise
8%
No matching quizzes found
Score Distribution
Percent of People with Each Score
Percentile by Number Answered
Your Score History
You have not taken this quiz